Slovotvorné aspekty v odbornom ekonomickom jazyku s príkladmi z oblasti burzovníctva

Slovotvorba v nemeckom jazyku. Skratky, termíny, odborný žargón v nemčine. Cudzie slová. Anglicizmy. Metafora. Neologizmy. Návrh metodicko-didaktickej koncepcie cvičení pri nácviku lexiky.

Saved in:
Bibliographic Details
Main Author: Lišková, Danuša
Format: Book Chapter
Language:Slovak
Subjects:
Tags: Add Tag
No Tags, Be the first to tag this record!

MARC

LEADER 00000nla a2200000 4500
001 0183618
005 20240502073137.5
041 0 |a slo 
044 |a SK 
245 1 0 |a Slovotvorné aspekty v odbornom ekonomickom jazyku s príkladmi z oblasti burzovníctva  |c Danuša Lišková 
520 |a Slovotvorba v nemeckom jazyku. Skratky, termíny, odborný žargón v nemčine. Cudzie slová. Anglicizmy. Metafora. Neologizmy. Návrh metodicko-didaktickej koncepcie cvičení pri nácviku lexiky. 
610 2 0 |a jazyky cudzie 
610 2 0 |a jazyk odborný 
610 2 0 |a ekonómia 
610 2 0 |a burzovníctvo 
610 2 0 |a vzdelávanie 
610 2 0 |a nemčina 
100 1 |a Lišková, Danuša